Forever undecided : a puzzle guide to Gödel /

Guardado en:
Autor Principal: Smullyan, Raymond M.
Formato: Libro
Idioma:English
Publicado: Oxford : Oxford University Press, 1988, c1987.
Materias:
Etiquetas: Agregar Etiqueta
Sin Etiquetas, Sea el primero en etiquetar este registro!
LEADER 00731pam a2200205 a 4500
001 MAT.inmabb003267
008 880322t19881987enk###########000#0#eng##
005 20151123143607.0
245 1 0 |a Forever undecided :  |b a puzzle guide to Gödel /  |c by Raymond Smullyan. 
260 |a Oxford :  |b Oxford University Press,  |c 1988, c1987. 
300 |a xii, 257 p ;  |c 20 cm. 
500 |a Publicado originalmente: New York : Alfred A. Knopf, 1987. 
510 4 |a Amer. Math. Monthly,  |c 96 (1989), no. 2, p. 169-172. 
100 1 |a Smullyan, Raymond M. 
650 0 |a Gödel's theorem. 
650 0 |a Mathematical recreations. 
084 |a 03F30 (00A08)  |2 msc2000 
010 |a  88009927  
040 |a DLC  |c DLC  |d DLC 
859 |h 03  |i Sm666f  |p A-6469  |b BIB. MATEMATICA